00438nam a2200169Ia 4500003000400000005001700004008004100021020001800062040001800080041000800098082002100106100002000127245003500147250001200182260005000194300002400244OSt20250107144615.0210716s1995 xx 000 0 und d a9780060976095 cAIMIT LIBRARY aeng a808.83 21bJOHD aJohnson, Denis. aFiskadoro /cBy Denis Johnson. a1st ed. aNew York :bHarper Collins Publisher ;c1995. a221p. ;bPBc20 cm.